Los complejos y el inconsciente / (Record no. 82481)

MARC details
000 -CABECERA
campo de control de longitud fija 00679nam a2200217 a 4500
005 - FECHA Y HORA DE LA ÚLTIMA TRANSACCIÓN
campo de control 20240806064138.0
008 - ELEMENTOS DE LONGITUD FIJA--INFORMACIÓN GENERAL
campo de control de longitud fija 010618s19691998 r 000 0 eng d
020 ## - NÚMERO INTERNACIONAL NORMALIZADO PARA LIBROS
Número Internacional Estándar del Libro 8420611557
035 ## - NÚMERO DE CONTROL DEL SISTEMA
Número de control de sistema UPN01000108569
049 ## - COLECCIÓN
Colección CG
050 #4 - SIGNATURA TOPOGRÁFICA DE LA BIBLIOTECA DEL CONGRESO
Número de clasificación BF175
Número de documento/Ítem J8.38
100 1# - ASIENTO PRINCIPAL--NOMBRE PERSONAL
Nombre de persona Jung, Carl Gustav,
Fechas asociadas al nombre 1875-1961
245 14 - MENCIÓN DE TÍTULO
Título Los complejos y el inconsciente /
Mención de responsabilidad, etc. C. G. Jung ; tr. Jesús López Pacheco.
260 ## - PUBLICACIÓN, DISTRIBUCIÓN, ETC.
Lugar de publicación, distribución, etc. Madrid :
Nombre del editor, distribuidor, etc. Alianza,
Fecha de publicación, distribución, etc. 1969 (1998 impr.).
300 ## - DESCRIPCIÓN FÍSICA
Extensión 451 p.
440 #3 - MENCIÓN DE SERIE/ASIENTO SECUNDARIO--TÍTULO
Título El libro de bolsillo.
Nombre de parte o sección de la obra Humanidades ;
Designación de volumen o secuencia 155
534 ## - NOTA SOBRE LA VERSIÓN ORIGINAL
Frase introductoria Traducción de:
Mención de título del original L'home a la decouverte...
650 #4 - ASIENTO SECUNDARIO DE MATERIA - TERMINO TEMATICO
Término de materia o nombre geográfico como elemento de entrada COMPLEJOS (PSICOLOGIA)
9 (RLIN) 9826
650 #4 - ASIENTO SECUNDARIO DE MATERIA - TERMINO TEMATICO
Término de materia o nombre geográfico como elemento de entrada Psicoanálisis
9 (RLIN) 1572
905 ## - TIPO DE MATERIAL
Tipo de material Libro
Holdings
Estado de retiro Estado de pérdida Fuente del sistema de clasificación o colocación Estado dañado No para préstamo Código de colección Localización permanente Ubicación/localización actual Ubicación en estantería Fecha de adquisición Total de préstamos Clasificación Código de barras Fecha visto por última vez Fecha del último préstamo Número de copia Tipo de ítem Koha
    Library of Congress Classification     Colección General Bib. Gregorio Torres Quintero Bib. Gregorio Torres Quintero Planta baja 19/10/2022 8 BF175 J8.38 181808 04/11/2022 19/10/2022 1 Libro
    Library of Congress Classification     Colección General Bib. Gregorio Torres Quintero Bib. Gregorio Torres Quintero Planta baja   12 BF175 J8.38 181809 31/12/2020   1 Libro